Normal view
MARC view
- Jain P & Singhal N
Entry Personal Name
001 - CONTROL NUMBER
- control field: 118344
003 - CONTROL NUMBER IDENTIFIER
- control field: OSt
005 - DATE AND TIME OF LATEST TRANSACTION
- control field: 20230125045731.0
008 - FIXED-LENGTH DATA ELEMENTS
- fixed length control field: 230125|| aca||aabn | a|a d
040 ## - CATALOGING SOURCE
- Original cataloging agency: OSt
- Transcribing agency: OSt
100 ## - HEADING--PERSONAL NAME
- Personal name: Jain P & Singhal N
670 ## - SOURCE DATA FOUND
- Source citation: Work cat.: (OSt)96372: Jain P 108654, Principles Of Marketing, 2019